000 02285nmm a2200781 a 4500
003 AR-BaBNM
005 20251128211702.0
008 115020s2003 ||||||||||||||000 | spa||
020 _a950-557553-X
040 _cAR-BaBNM
245 1 0 _aPuentes / Pontes
_bPoesía argentina y brasileña contemporánea = Poesia argentina e brasileira contemporânea : Antología bilingüe
246 1 _aPontes
250 _a1ª ed.
260 _aBuenos Aires
_bFondo de Cultura Económica
_c2003
300 0 _a537 p.
500 0 _aEdición bilingüe en español y portugués
600 1 4 _aBayley, Edgard
600 1 4 _aBellessi, Diana
600 1 4 _aBiagioni, Amelia
600 1 4 _aBignozzi, Juana
600 1 4 _aCarrera, Arturo
600 1 4 _aColombo, María del Carmen
600 1 4 _aFernández Moreno, César
600 1 4 _aGelman, Juan
600 1 4 _aGianuzzi, Joaquín O.
600 1 4 _aGirri, Alberto
600 1 4 _aJuarroz, Roberto
600 1 4 _aLamborghini, Leónidas
600 1 4 _aMadariaga, Francisco
600 1 4 _aOliva, Aldo
600 1 4 _aOrozco, Olga
600 1 4 _aPadeletti, Hugo
600 1 4 _aPerlongher, Néstor
600 1 4 _aPizarnik, Alejandra
600 1 4 _aThénon, Susana
600 1 4 _aViel Temperley, Héctor
600 1 4 _aPrado, Adélia
600 1 4 _aAvila, Affonso
600 1 4 _aCésar, Ana Cristina
600 1 4 _aMelim, Angela
600 1 4 _aBrito, Antônio Carlos de
600 1 4 _aFilho, Armando Freitas
600 1 4 _aMachado, Duda
600 1 4 _aVeiga, Elisabeth
600 1 4 _aGullar, Ferreira
600 1 4 _aAlvim, Francisco
600 1 4 _aCampos, Haroldo de
600 1 4 _aHilst, Hilda
600 1 4 _aPaes, José Paulo
600 1 4 _aFrota, Lélia Coelho
600 1 4 _aFaustino, Mário
600 1 4 _aBritto, Paulo Henriques
600 1 4 _aLeminski, Paulo
600 1 4 _aPiva, Roberto
600 1 4 _aLeite, Sebastiâo Uchoa
600 1 4 _aSalomâo, Waly
650 4 _aLITERATURA ARGENTINA
650 4 _aANTOLOGIAS
650 4 _aLITERATURA CONTEMPORANEA
650 4 _aPOESIA
650 4 _aESCRITORES
653 _aLITERATURA BRASILENA
655 _aLITERATURA
700 1 _aMonteleone, Jorge
_ecompilador
700 1 _aHollanda, Heloisa Buarque de
_ecompilador
942 _cBK
998 _cmartin
999 _c20708
_d20708